[Event "GER-ch U10 Girls"]
[Site "Willingen"]
[Date "2020.10.31"]
[Round "7"]
[White "Struebel, Katharina"]
[Black "Wolf, Anna"]
[Result "1-0"]
[WhiteElo "1091"]
[BlackElo "1098"]
[PlyCount "135"]
[EventDate "2020.10.26"]
[EventType "swiss"]
[EventRounds "7"]
[EventCountry "GER"]
[SourceTitle "CBM 199 Extra"]
[Source "ChessBase"]
[SourceDate "2021.01.31"]
[SourceVersion "1"]
[SourceVersionDate "2021.01.31"]
[SourceQuality "1"]

1. e4 e6 2. d4 d5 3. e5 c5 4. c3 Nc6 5. Nf3 Qb6 6. Be2 Bd7 7. a3 Nge7 8. b4 cxd4 9. cxd4 Nf5 10. Bb2 Be7 11. 0-0 a6 12. Qd3 0-0 13. b5 axb5 14. Qxb5 Qxb5 15. Bxb5 Rfc8 16. Nc3 Nb8 17. Bd3 Nh4 18. Nd2 Nc6 19. g3 Nf5 20. Bxf5 exf5 21. Nxd5 Bd8 22. Nc4 Be6 23. Ncb6 Bxd5 24. Nxd5 Ne7 25. Nxe7+ Bxe7 26. d5 Rc2 27. Bc1 Rd8 28. d6 Bf8 29. Rb1 Rd7 30. Re1 g6 31. e6 fxe6 32. Rxe6 Rxd6 33. Rxd6 Bxd6 34. Bh6 Bxa3 35. Rxb7 Bd6 36. Rg7+ Kh8 37. Rd7 Bc7 38. Re7 Kg8 39. Re8+ Kf7 40. Rc8 Rc6 41. Bf4 Kf6 42. Rxc7 Re6 43. Rxh7 g5 44. Rh6+ Kf7 45. Rxe6 Kxe6 46. Bxg5 Kf7 47. h4 Kg6 48. f4 Kh5 49. Kg2 Kg4 50. Be7 Kh5 51. Kf3 Kh6 52. g4 fxg4+ 53. Kxg4 Kg6 54. f5+ Kh7 55. Kg5 Kg7 56. f6+ Kf7 57. h5 Ke6 58. h6 Kd5 59. f7 Kd4 60. f8Q Ke4 61. Qf5+ Ke3 62. Bc5+ Ke2 63. Qf4 Kd3 64. Qd4+ Ke2 65. Qc3 Kf1 66. Qc2 Ke1 67. Be3 Kf1 68. Qf2# 1-0

[Event "GER-ch U10 Girls"]
[Site "Willingen"]
[Date "2020.10.29"]
[Round "4"]
[White "Wolf, Anna"]
[Black "Amrhein, Yana"]
[Result "1-0"]
[WhiteElo "1098"]
[BlackElo "747"]
[PlyCount "57"]
[EventDate "2020.10.26"]
[EventType "swiss"]
[EventRounds "7"]
[EventCountry "GER"]
[SourceTitle "CBM 199 Extra"]
[Source "ChessBase"]
[SourceDate "2021.01.31"]
[SourceVersion "1"]
[SourceVersionDate "2021.01.31"]
[SourceQuality "1"]

1. e4 d6 2. d4 Nf6 3. Nc3 g6 4. Bc4 Nxe4 5. Bb5+ Bd7 6. Bxd7+ Qxd7 7. Nxe4 Bg7 8. Nf3 0-0 9. 0-0 Nc6 10. b3 Rad8 11. Bb2 e5 12. dxe5 Nxe5 13. Nxe5 dxe5 14. Qxd7 Rxd7 15. Nc5 Rd2 16. Rac1 Rb8 17. Rfe1 b6 18. Nd3 e4 19. Bxg7 Kxg7 20. Rxe4 Rd8 21. Kf1 Kf6 22. Ke1 Kf5 23. Rf4+ Kg5 24. Kxd2 c5 25. c4 a6 26. Rxf7 b5 27. Rxh7 bxc4 28. Rxc4 Rxd3+ 29. Kxd3 1-0

[Event "GER-ch U10 Girls"]
[Site "Willingen"]
[Date "2020.10.28"]
[Round "3"]
[White "Zimmermann, Lilly Marie"]
[Black "Wolf, Anna"]
[Result "1-0"]
[WhiteElo "851"]
[BlackElo "1098"]
[PlyCount "23"]
[EventDate "2020.10.26"]
[EventType "swiss"]
[EventRounds "7"]
[EventCountry "GER"]
[SourceTitle "CBM 199 Extra"]
[Source "ChessBase"]
[SourceDate "2021.01.31"]
[SourceVersion "1"]
[SourceVersionDate "2021.01.31"]
[SourceQuality "1"]

1. e4 e5 2. Nf3 Nc6 3. d4 exd4 4. Nxd4 Bc5 5. Nxc6 Qf6 6. f3 dxc6 7. Bc4 Ne7 8. Bd3 0-0 9. Qe2 b6 10. e5 Qe6 11. Qe4 Bb7 12. Qxh7# 1-0